Changing course : A Global business perspective on development and the environment

Guardado en:
Detalles Bibliográficos
Autor principal: Schmidheiny, Stephan
Formato: Libro
Lenguaje:Undetermined
Publicado: London The MIT Press 1992
Materias:
Etiquetas: Agregar Etiqueta
Sin Etiquetas, Sea el primero en etiquetar este registro!
Thư viện lưu trữ: Trung tâm Học liệu Trường Đại học Cần Thơ
LEADER 00546nam a2200169Ia 4500
001 CTU_79220
008 210402s9999 xx 000 0 und d
082 |a 363.7 
082 |b S438 
100 |a Schmidheiny, Stephan 
245 0 |a Changing course : 
245 2 |b A Global business perspective on development and the environment 
260 |a London 
260 |b The MIT Press 
260 |c 1992 
650 |a Economic development,Environmental policy,International business enterprises 
980 |a Trung tâm Học liệu Trường Đại học Cần Thơ